All Language Families with a Map - Statistics

General Stats
  • This quiz has been taken 3,107 times
  • The average score is 24 of 194
Answers on the Map
Answers color-coded by a green-red scale on the quiz's map according to % correct below.
 
Answer Stats
Families % Correct
Indo-European
87%
Uralic
76%
Japonic
75%
Turkic
75%
Koreanic
73%
Afroasiatic
66%
Mongolic
66%
Sino-Tibetan
66%
Austronesian
63%
Macro-Jê
63%
Dravidian
61%
Eskaleut
58%
Kra-Dai
58%
Atlantic-Congo
56%
Kartvelian
52%
Austro-Asiatic
45%
Mayan
45%
Northwest Caucasian
40%
Khoe-Kwadi
39%
Quechuan
37%
Na-Dene
36%
Tungusic
35%
Algic
34%
Northeast Caucasian
34%
Iroquoian
33%
Uto-Aztecan
31%
Chukutko-Kamchatkan
30%
Aymaran
29%
Nilotic
29%
Saharan
29%
Siouan-Catawban
29%
Tupian
25%
Arawan
24%
Cariban
24%
Araucanian
23%
Hmong-Mien
22%
Trans-New Guinea
21%
Yeniseian
20%
Arawakan
19%
Chonan
19%
Northern Eastern Sudanic
19%
Salishan
19%
Mande
18%
Tasmanian
18%
Pama-Nyungan
17%
Muskogean
16%
Yukaghir
15%
Chibchan
13%
Kiowa-Tanoan
13%
Caddoan
12%
Oto-Manguean
12%
Songhai
12%
Tuu
11%
Kx'a
9%
Tsimshianic
9%
Wakashan
9%
Andamanese
8%
Chinookan
8%
Dogon
8%
Fur
8%
Misumalpan
8%
Plateau Penutian
8%
Central Sudanic
7%
Chocoan
7%
Ijaw
7%
Mixe-Zoquean
7%
Sepik
7%
Yuman-Cochimi
7%
Barbacoan
6%
Chumashan
6%
Keresan
6%
Panoan
6%
Pomoan
6%
Ubangian
6%
Yokutsan
6%
Charruan
5%
Chicham
5%
Komuz
5%
Lencan
5%
Maban
5%
North Halmahera
5%
Ongan
5%
South Bougainville
5%
Torricelli
5%
Totonacan
5%
Tucanoan
5%
Yam
5%
Yanomaman
5%
Alacalufan
4%
Boran
4%
Coosan
4%
Daju
4%
Darwin Region
4%
Guaicuruan
4%
Jicaquean
4%
Lakes Plain
4%
Lower Sepik
4%
Macro-Gunwinyguan
4%
Mantion-Meax
4%
Miwok
4%
North Bougainville
4%
Shastan
4%
South Bird's Head
4%
Surmic
4%
Timor-Alor-Pantar
4%
Uru-Chipaya
4%
West Bird's Head
4%
Western Daly
4%
Wintuan
4%
Worrorran
4%
Xincan
4%
Yuki-Wappo
4%
Border
3%
Bororoan
3%
Bunuban
3%
Chimakuan
3%
Costanoan
3%
Eastern Daly
3%
Eastern Jebel
3%
Eastern Trans-Fly
3%
Grass
3%
Greater Siangic
3%
Guajiboan
3%
Heiban
3%
Huarpean
3%
Kadu
3%
Kalapuyan
3%
Katloid
3%
Kuliak
3%
Kunama
3%
Matacoan
3%
Nambikwaran
3%
Nyulnyulan
3%
Ramu
3%
Rashad
3%
Sko
3%
Southern Daly
3%
Tangkic
3%
Teberan
3%
Tequistlatecan
3%
Wagaydyic
3%
Witotoan
3%
Zamucoan
3%
Arai-Samaia
2%
Baining
2%
Bulaka River
2%
Cahuapanan
2%
Central Solomon
2%
Chapacuran
2%
East Strickland
2%
Eleman
2%
Fas
2%
Garawan
2%
Harákmbut-Katukinan
2%
Iwaidjan
2%
Jarrakan
2%
Kho-Bwa
2%
Kiwaian
2%
Kwomtari
2%
Mairasi
2%
Mascoian
2%
Mirndi
2%
Nadahup
2%
Palaihnihan
2%
Pauwasi
2%
Piaroa-Saliban
2%
Senagi
2%
Sentani
2%
Tacanan
2%
Talodi
2%
Temein
2%
Tor-Kwerba
2%
Yawa
2%
Yuat
2%
Zaparoan
2%
Catacaoan
1%
Doso-Turumsa
1%
East Geelvink Bay
1%
Gogodala-Suki
1%
Hatam-Mansim
1%
Jirajaran
1%
Kaure-Kosare
1%
Kutubuan
1%
Leonhard Schultze
1%
Lule-Vilela
1%
Nimboran
1%
Pahoturi
1%
Peba-Yaguan
1%
Taulil-Butam
1%
Ticuna-Yuri
1%
Timotean
1%
Tiniguan
1%
Turama-Kikorian
1%
Upper Yuat
1%
No matching quizzes found
Score Distribution
Percent of People with Each Score
Percentile by Number Answered
Your Score History
You have not taken this quiz